000 00623nam a2200277Ia 4500
005 20260324124536.0
008 008 260324s9999 xx 000 0 eng d
020 _a9780203885406
037 _aEBOOK
040 _aCRL
040 _beng
040 _cCRL
041 _2eng
041 _aeng
084 _qCRL
100 _aKen Green
_91174561
245 0 _aKey Themes in Youth Sport
260 _bTaylor and Francis
260 _c2010
365 _a
365 _b230
856 _uhttp://www.taylorfrancis.com/books/9780203885406
942 _cEBOOK
999 _c1769018
_d1769018